[Event "VII Festival A"]
[Site "Amantea ITA"]
[Date "2009.09.06"]
[Round "8"]
[White "Scotti, Umberto"]
[Black "Damia, Angelo"]
[Result "1/2-1/2"]
[WhiteElo "2176"]
[BlackElo "2291"]
[PlyCount "149"]
[EventDate "2009.08.31"]

1. Nf3 d6 2. d4 Nd7 3. e4 e5 4. Bc4 c6 5. O-O Be7 6. a4 Ngf6 7. Nc3 O-O 8. b3
h6 9. Ba3 Re8 10. Re1 Qc7 11. dxe5 dxe5 12. Bxe7 Rxe7 13. Nh4 Nf8 14. h3 Be6
15. Bxe6 Nxe6 16. Nf5 Rd7 17. Qf3 Nd4 18. Nxd4 Rxd4 19. Rad1 Rad8 20. Rxd4 Rxd4
21. Rd1 Qd6 22. Rxd4 Qxd4 23. Kf1 Nd7 24. Ke2 Nc5 25. Qe3 Qb4 26. g3 Ne6 27.
Qd3 Nd4+ 28. Kf1 Qc5 29. Ke1 b5 30. axb5 cxb5 31. Kd2 a5 32. Ne2 a4 33. Nxd4
exd4 34. bxa4 bxa4 35. Kc1 Qb4 36. Qd2 Qxd2+ 37. Kxd2 Kf8 38. Kc1 Ke7 39. Kb2
Kd6 40. f4 Kc5 41. e5 Kc4 42. Ka3 g6 43. Kxa4 Kc3 44. g4 Kxc2 45. f5 gxf5 46.
gxf5 d3 47. e6 fxe6 48. fxe6 d2 49. e7 d1=Q 50. e8=Q Kb2+ 51. Kb4 Qb3+ 52. Kc5
Qc3+ 53. Kb5 Qxh3 54. Qe2+ Kc3 55. Kc5 Qf5+ 56. Kd6 Qf8+ 57. Kd5 Qa8+ 58. Kc5
Qa5+ 59. Kd6 Qd8+ 60. Kc5 Qd4+ 61. Kc6 Qf6+ 62. Kc5 Qg5+ 63. Kd6 Kd4 64. Ke6 h5
65. Qf2+ Ke4 66. Qe2+ Kd4 67. Qf2+ Kc3 68. Qf3+ Kc4 69. Qe4+ Kb5 70. Qd5+ Qxd5+
71. Kxd5 h4 72. Ke4 h3 73. Kf3 h2 74. Kg2 h1=Q+ 75. Kxh1 1/2-1/2

[Event "VII Festival A"]
[Site "Amantea ITA"]
[Date "2009.09.06"]
[Round "8"]
[White "Voiska, Margarita"]
[Black "Collutiis, Duilio"]
[Result "1-0"]
[WhiteElo "2332"]
[BlackElo "2449"]
[PlyCount "81"]
[EventDate "2009.08.31"]

1. c4 e5 2. g3 d6 3. Bg2 Nc6 4. Nc3 Be6 5. b3 Qd7 6. Bb2 g6 7. Nd5 Bg7 8. h3 h6
9. e3 f5 10. Ne2 Bxd5 11. cxd5 Nb4 12. O-O Nf6 13. d3 Nbxd5 14. e4 fxe4 15.
dxe4 Ne7 16. f4 Qe6 17. Rc1 c6 18. Qd2 O-O 19. Rcd1 Ne8 20. fxe5 Rxf1+ 21. Bxf1
Bxe5 22. Bxe5 Qxe5 23. Qxh6 Qxe4 24. Nd4 Ng7 25. Bg2 Qe5 26. g4 Ne6 27. Nxe6
Qxe6 28. Qd2 d5 29. Re1 Qf6 30. Qe3 Nc8 31. Qe8+ Kg7 32. g5 Qf7 33. Qe5+ Kg8
34. h4 Nb6 35. Bh3 Qg7 36. Qe6+ Kh7 37. Rf1 Rf8 38. Rf6 Kh8 39. Bf5 a5 40.
Rxf8+ Qxf8 41. Qxg6 1-0

[Event "VII Festival A"]
[Site "Amantea ITA"]
[Date "2009.09.07"]
[Round "9"]
[White "Abatino, Maurizio"]
[Black "Van Asseldonk, Paul"]
[Result "1/2-1/2"]
[WhiteElo "2163"]
[BlackElo "2107"]
[PlyCount "30"]
[EventDate "2009.08.31"]

1. d4 Nf6 2. c4 e6 3. Nc3 Bb4 4. e3 c5 5. Nge2 Nc6 6. a3 Bxc3+ 7. Nxc3 d6 8.
Be2 O-O 9. O-O e5 10. d5 Ne7 11. b3 Ne8 12. Bb2 f5 13. f4 g5 14. Qd2 Ng6 15. g3
Ng7 1/2-1/2

[Event "VII Festival A"]
[Site "Amantea ITA"]
[Date "2009.09.07"]
[Round "9"]
[White "Bodenschatz, Josef"]
[Black "Schrott, Ernst"]
[Result "0-1"]
[WhiteElo "2038"]
[BlackElo "2059"]
[PlyCount "50"]
[EventDate "2009.08.31"]

1. e4 c5 2. Nc3 e6 3. f4 a6 4. Nf3 b5 5. a3 Bb7 6. d3 d5 7. e5 Nh6 8. Be2 Nc6
9. O-O Be7 10. Kh1 Nf5 11. g4 Nfd4 12. Bd2 O-O 13. Be1 b4 14. axb4 cxb4 15.
Nxd4 Nxd4 16. Na4 Qc7 17. Bg3 Rac8 18. c3 Nxe2 19. Qxe2 d4+ 20. Kg1 dxc3 21.
bxc3 bxc3 22. h3 Qc6 23. Kh2 Rfd8 24. Rfc1 Rxd3 25. Rc2 Qf3 0-1

[Event "VII Festival A"]
[Site "Amantea ITA"]
[Date "2009.09.07"]
[Round "9"]
[White "Collutiis, Duilio"]
[Black "Scotti, Umberto"]
[Result "1-0"]
[WhiteElo "2449"]
[BlackElo "2176"]
[PlyCount "107"]
[EventDate "2009.08.31"]

1. e4 e6 2. d3 d5 3. Nd2 Nf6 4. Ngf3 Nc6 5. c3 a5 6. a4 e5 7. Be2 Bc5 8. Qc2
O-O 9. O-O Bb6 10. Nb3 h6 11. Nfd2 dxe4 12. dxe4 Ng4 13. Nc4 Be6 14. Nxb6 cxb6
15. f3 Nf6 16. Be3 Qc7 17. Rfc1 Rac8 18. Qd1 Rfd8 19. Nd2 Ne7 20. Qe1 Rd6 21.
Rd1 Rcd8 22. Nf1 Bb3 23. Rxd6 Rxd6 24. Nd2 Be6 25. Qf1 Nd7 26. Bb5 Nc5 27. Nc4
Rd3 28. Bf2 Bxc4 29. Bxc4 Rd6 30. Be3 Qd8 31. Bb5 Ng6 32. g3 Nf8 33. Qe2 Nfe6
34. Bc4 Qd7 35. b3 Qd8 36. Rb1 Nd3 37. Bd5 Ndc5 38. Kg2 Qd7 39. Rb2 Kf8 40. Rd2
Ke7 41. Bc4 Rxd2 42. Qxd2 Qc7 43. Kf2 f6 44. Kg2 Qd6 45. Kf2 Kd7 46. h4 Kc7 47.
Bd5 g5 48. hxg5 hxg5 49. b4 Nd7 50. Qe2 Nd8 51. Qc4+ Kb8 52. Qb5 Nc6 53. Bxb6
Nxb6 54. Qxb6 1-0

[Event "VII Festival A"]
[Site "Amantea ITA"]
[Date "2009.09.07"]
[Round "9"]
[White "De Rosa, Mariagrazia"]
[Black "Damia, Angelo"]
[Result "0-1"]
[WhiteElo "2124"]
[BlackElo "2291"]
[PlyCount "86"]
[EventDate "2009.08.31"]

1. e4 c5 2. Nf3 a6 3. c3 e6 4. d4 cxd4 5. cxd4 Nf6 6. Bd3 Be7 7. O-O d6 8. Nc3
b5 9. e5 dxe5 10. dxe5 Nd5 11. Nxd5 Qxd5 12. Qe2 Ra7 13. Bf4 Qd8 14. a4 Rd7 15.
Rfd1 b4 16. Rac1 Bb7 17. Bb1 O-O 18. Nd2 g6 19. Ne4 Bxe4 20. Bxe4 Qa5 21. b3
Rfd8 22. g3 Kg7 23. h4 Qb6 24. Be3 Rxd1+ 25. Rxd1 Rxd1+ 26. Qxd1 Bc5 27. Bxc5
Qxc5 28. Qd6 Qxd6 29. exd6 Kf8 30. a5 Ke8 31. g4 Kd7 32. f4 Kxd6 33. Kf2 f5 34.
gxf5 gxf5 35. Bd3 Nc6 36. Bxa6 Nxa5 37. Bd3 Nxb3 38. h5 h6 39. Ke3 Kd5 40. Bb1
Kc4 41. Ke2 Kc3 42. Kd1 Nc5 43. Kc1 Ne4 0-1

[Event "VII Festival A"]
[Site "Amantea ITA"]
[Date "2009.09.07"]
[Round "9"]
[White "Del Noce, Roberto"]
[Black "Duhayon, Yves"]
[Result "0-1"]
[WhiteElo "1857"]
[BlackElo "2256"]
[PlyCount "64"]
[EventDate "2009.08.31"]

1. e4 e5 2. f4 exf4 3. Nf3 g5 4. Bc4 Bg7 5. h3 Nc6 6. d4 h6 7. a3 d6 8. O-O
Nge7 9. c3 O-O 10. b4 d5 11. exd5 Nxd5 12. Kh1 Nce7 13. Bxd5 Qxd5 14. Re1 Nf5
15. a4 Ng3+ 16. Kh2 Bf5 17. Nbd2 Rfe8 18. c4 Qd7 19. Bb2 Rxe1 20. Qxe1 Re8 21.
Ne5 Qd8 22. Qd1 f6 23. Nef3 h5 24. d5 Qd7 25. Nd4 g4 26. h4 Re3 27. Ra3 Qe7 28.
Rxe3 Qxe3 29. Nf1 Nxf1+ 30. Qxf1 Bd3 31. Qc1 Qg3+ 32. Kg1 f3 0-1

[Event "VII Festival A"]
[Site "Amantea ITA"]
[Date "2009.09.07"]
[Round "9"]
[White "Delorme, Axel"]
[Black "Caizzone, Vito"]
[Result "1-0"]
[WhiteElo "2434"]
[BlackElo "2062"]
[PlyCount "127"]
[EventDate "2009.08.31"]

1. e4 e5 2. Nf3 Nc6 3. Bb5 a6 4. Ba4 Nf6 5. O-O Be7 6. Re1 b5 7. Bb3 d6 8. c3
O-O 9. h3 Nd7 10. d4 Bf6 11. a4 Bb7 12. d5 Na5 13. Bc2 Nc4 14. b3 Ncb6 15. a5
Nc8 16. Nbd2 Ne7 17. Nf1 Ng6 18. g3 Re8 19. Ne3 Qe7 20. h4 Qf8 21. h5 Ne7 22.
Ng4 h6 23. Be3 Kh8 24. c4 bxc4 25. bxc4 Qg8 26. Ba4 Bc8 27. Nxf6 gxf6 28. Bxh6
Qh7 29. Bd2 Nc5 30. Bxe8 Bg4 31. Ba4 Qxh5 32. Re3 Kg7 33. Bc2 Rh8 34. Kf1 f5
35. Raa3 f4 36. gxf4 Ng6 37. Rec3 exf4 38. Bc1 f6 39. Ke2 Re8 40. Kd2 Nh4 41.
Qg1 Nxe4+ 42. Bxe4 Rxe4 43. Nh2 f3 44. Nxg4 Rxg4 45. Qe1 Nf5 46. Rab3 Qh4 47.
Rxf3 Nd4 48. Rbe3 Nxf3+ 49. Rxf3 Rd4+ 50. Rd3 Qf4+ 51. Qe3 Qxe3+ 52. Kxe3 Rxc4
53. Bd2 Kg6 54. Rc3 Ra4 55. Rxc7 Kf5 56. Bc3 Re4+ 57. Kd3 Kf4 58. Rc6 f5 59.
Rxd6 Kf3 60. Rf6 f4 61. d6 Re8 62. d7 Rd8 63. Rd6 Kxf2 64. Bf6 1-0

[Event "VII Festival A"]
[Site "Amantea ITA"]
[Date "2009.09.07"]
[Round "9"]
[White "Fabiano, Giuseppe"]
[Black "Astanovskaya, Yulia"]
[Result "1-0"]
[WhiteElo "2245"]
[BlackElo "1910"]
[PlyCount "87"]
[EventDate "2009.08.31"]

1. c4 e6 2. Nc3 d5 3. d4 c5 4. Nf3 Nc6 5. cxd5 exd5 6. g3 h6 7. Bg2 Nf6 8. O-O
Be6 9. Bf4 Be7 10. dxc5 Bxc5 11. Na4 Bd6 12. Bxd6 Qxd6 13. Nd4 O-O 14. Rc1 Rac8
15. Nc5 b6 16. Ncxe6 fxe6 17. Nxc6 Rxc6 18. Qa4 Rc7 19. Bh3 Rfc8 20. Rcd1 a5
21. e4 Rc4 22. Qa3 Qxa3 23. Bxe6+ Kf8 24. bxa3 Rd8 25. exd5 Rc5 26. Rd4 Rd6 27.
Rfd1 Rc2 28. R1d3 Rxa2 29. Rc4 Re2 30. Rf3 Ke8 31. Rc8+ Rd8 32. Rc7 Rd6 33.
Rxg7 Nxd5 34. Bf7+ Kd8 35. Bxd5 Rxd5 36. Rf8+ Re8 37. Rff7 Re1+ 38. Kg2 Ke8 39.
Rb7 Kf8 40. Rh7 Kg8 41. Rhc7 Kf8 42. Rxb6 Rd3 43. Rxh6 Kg8 44. Ra6 1-0

[Event "VII Festival A"]
[Site "Amantea ITA"]
[Date "2009.09.07"]
[Round "9"]
[White "Furnari, Franco"]
[Black "Cordi', Domenico"]
[Result "0-1"]
[WhiteElo "1929"]
[BlackElo "2060"]
[PlyCount "72"]
[EventDate "2009.08.31"]

1. e4 c5 2. Nf3 d6 3. d4 cxd4 4. Nxd4 Nf6 5. Nc3 a6 6. Bc4 e6 7. Bb3 Be7 8. Be3
O-O 9. O-O Nc6 10. Re1 Na5 11. a3 Nxb3 12. cxb3 Bd7 13. f4 Bc6 14. e5 Nd5 15.
Nxd5 Bxd5 16. Qg4 Kh8 17. Rad1 dxe5 18. fxe5 Bc5 19. b4 Bxd4 20. Qxd4 Rc8 21.
Rc1 Rxc1 22. Rxc1 f5 23. Qf4 Bc6 24. Bc5 Qd5 25. Qf2 Rf7 26. Bd6 g5 27. h3 Kg7
28. Rc2 Qd1+ 29. Kh2 f4 30. Qd2 Qf1 31. Rc1 Qb5 32. Rg1 h6 33. b3 f3 34. a4 Qe2
35. Qe1 Qc2 36. Bc5 f2 0-1

[Event "VII Festival A"]
[Site "Amantea ITA"]
[Date "2009.09.07"]
[Round "9"]
[White "Gromovs, Sergejs"]
[Black "Marchadour, Emilie"]
[Result "1-0"]
[WhiteElo "2339"]
[BlackElo "2047"]
[PlyCount "45"]
[EventDate "2009.08.31"]

1. d4 Nf6 2. c4 c5 3. d5 b5 4. cxb5 a6 5. Nc3 axb5 6. e4 d6 7. Bxb5+ Nbd7 8. f4
e6 9. dxe6 fxe6 10. e5 dxe5 11. fxe5 Nd5 12. Nxd5 exd5 13. Qxd5 Qa5+ 14. Bd2
Qxb5 15. Qxa8 Nb6 16. Qe4 Be7 17. Ne2 O-O 18. Nc3 Qa6 19. Qe2 Qa8 20. Rf1 Rd8
21. Qf3 Qa7 22. Qf7+ Kh8 23. Bg5 1-0

[Event "VII Festival A"]
[Site "Amantea ITA"]
[Date "2009.09.07"]
[Round "9"]
[White "Hajenius, Willem"]
[Black "Arnetta, Maria Teresa"]
[Result "0-1"]
[WhiteElo "2025"]
[BlackElo "2031"]
[PlyCount "56"]
[EventDate "2009.08.31"]

1. d4 d5 2. c4 e5 3. dxe5 d4 4. Nf3 Nc6 5. g3 Nge7 6. Bg2 Ng6 7. O-O Ngxe5 8.
Nbd2 Be7 9. Nxe5 Nxe5 10. f4 Ng4 11. Nf3 Bc5 12. b4 Be7 13. h3 Ne3 14. Bxe3
dxe3 15. Qb3 Be6 16. Rad1 Qc8 17. g4 O-O 18. f5 Bd7 19. Ne5 Be8 20. Qxe3 Ba4
21. Rb1 Bf6 22. Nxf7 Qe8 23. Qg3 Rxf7 24. g5 Bd4+ 25. Kh1 Bc6 26. g6 hxg6 27.
fxg6 Rxf1+ 28. Rxf1 Qxe2 0-1

[Event "VII Festival A"]
[Site "Amantea ITA"]
[Date "2009.09.07"]
[Round "9"]
[White "Lalic, Bogdan"]
[Black "Voiska, Margarita"]
[Result "1-0"]
[WhiteElo "2517"]
[BlackElo "2332"]
[PlyCount "83"]
[EventDate "2009.08.31"]

1. d4 d5 2. c4 c6 3. Nf3 Nf6 4. Nc3 a6 5. c5 Nbd7 6. Bf4 Nh5 7. Bg5 h6 8. Bd2
Nhf6 9. Bf4 Nh5 10. Be5 Nxe5 11. Nxe5 Nf6 12. e3 Nd7 13. f4 Nxe5 14. fxe5 g6
15. Bd3 Bg7 16. O-O O-O 17. Qe1 Be6 18. Qg3 Rb8 19. Ne2 b6 20. Nf4 Qd7 21. cxb6
Rxb6 22. Rf2 c5 23. Nxg6 fxg6 24. Rxf8+ Kxf8 25. Qxg6 Bf5 26. Bxf5 Rxg6 27.
Bxd7 cxd4 28. Rf1+ Kg8 29. exd4 Rb6 30. b3 Rb4 31. Rd1 Kf7 32. Kf2 e6 33. Ke3
Ke7 34. Ba4 Rb8 35. Rc1 Rb6 36. Rc7+ Kf8 37. g4 Kg8 38. h4 Bf8 39. g5 hxg5 40.
hxg5 Ba3 41. g6 Bb2 42. Bd7 1-0

[Event "VII Festival A"]
[Site "Amantea ITA"]
[Date "2009.09.07"]
[Round "9"]
[White "Levin, Felix"]
[Black "Nikolova, Adriana"]
[Result "1/2-1/2"]
[WhiteElo "2491"]
[BlackElo "2316"]
[PlyCount "53"]
[EventDate "2009.08.31"]

1. Nf3 Nf6 2. c4 e6 3. g3 d5 4. Bg2 Be7 5. d4 O-O 6. O-O dxc4 7. Qc2 a6 8. a4
Bd7 9. Qxc4 Bc6 10. Bg5 Nbd7 11. Nc3 Nb6 12. Qd3 Nfd5 13. Bxe7 Qxe7 14. a5 Nb4
15. Qd1 Nc4 16. Qb3 Bxf3 17. Qxc4 Bxg2 18. Kxg2 b5 19. Qb3 Rfd8 20. Rfd1 c5 21.
dxc5 Qxc5 22. Ne4 Qe7 23. Rxd8+ Rxd8 24. Rc1 h6 25. Qa3 Rd4 26. Nc5 Qg5 27. e3
1/2-1/2

[Event "VII Festival A"]
[Site "Amantea ITA"]
[Date "2009.09.07"]
[Round "9"]
[White "Licciulli, Fabio"]
[Black "Colucci, Pasquale"]
[Result "0-1"]
[WhiteElo "1937"]
[BlackElo "1946"]
[PlyCount "102"]
[EventDate "2009.08.31"]

1. c4 Nf6 2. Nc3 g6 3. g3 Bg7 4. Bg2 O-O 5. e3 e5 6. Nge2 Nc6 7. O-O d6 8. a3
Be6 9. b3 d5 10. cxd5 Nxd5 11. Bb2 Na5 12. Rb1 c5 13. Ne4 Bf5 14. Rc1 b6 15.
N4c3 Be6 16. Na4 Rc8 17. d4 Nxe3 18. fxe3 Bxb3 19. Qe1 Bxa4 20. dxc5 Rxc5 21.
Rxc5 bxc5 22. Nc3 Bc6 23. e4 Nc4 24. Bc1 Qd4+ 25. Kh1 f5 26. Ne2 Qd3 27. Rf3
Qd6 28. Rc3 Nb6 29. Be3 Na4 30. Bxc5 Nxc5 31. Qc1 Bxe4 32. Rxc5 Bxg2+ 33. Kxg2
Rd8 34. Rc7 Rd7 35. Rc8+ Kf7 36. Kh3 h6 37. Qc4+ Qe6 38. Qc2 f4+ 39. Kg2 Qd5+
40. Kh3 f3 41. Ng1 Qe6+ 42. g4 h5 43. Rc4 hxg4+ 44. Kg3 Qf5 45. Qa2 Qe6 46. Qc2
Qb6 47. Rc5 Bf8 48. Qc4+ Kg7 49. Qxg4 Rd4 50. Qg5 Qxc5 51. Nxf3 Rd3 0-1

[Event "VII Festival A"]
[Site "Amantea ITA"]
[Date "2009.09.07"]
[Round "9"]
[White "Naumkin, Igor"]
[Black "Mullon, Jean-Baptiste"]
[Result "0-1"]
[WhiteElo "2481"]
[BlackElo "2357"]
[PlyCount "70"]
[EventDate "2009.08.31"]

1. d4 d5 2. c4 c6 3. Nf3 Nf6 4. Nc3 e6 5. e3 Nbd7 6. Qc2 Bd6 7. Bd3 dxc4 8.
Bxc4 b5 9. Be2 Bb7 10. O-O O-O 11. Rd1 Qc7 12. h3 a6 13. e4 e5 14. a3 Rfe8 15.
Bg5 exd4 16. Nxd4 Bh2+ 17. Kf1 c5 18. Nf5 Nxe4 19. Ne7+ Rxe7 20. Bxe7 Nxf2 21.
Rd5 Nh1 22. Bf3 Ng3+ 23. Kf2 Bxd5 24. Nxd5 Qa7 25. Bg5 Re8 26. Re1 c4+ 27. Be3
Qb8 28. Bd4 Ne5 29. Nb4 a5 30. Bxe5 Qa7+ 31. Re3 Rxe5 32. Nd5 Nf5 33. Qd2 Nxe3
34. Nxe3 Qxe3+ 35. Qxe3 Bg1+ 0-1

[Event "VII Festival A"]
[Site "Amantea ITA"]
[Date "2009.09.07"]
[Round "9"]
[White "Oschetzki, Stefan"]
[Black "Scerbo, Antonio"]
[Result "0-1"]
[WhiteElo "2178"]
[BlackElo "2086"]
[PlyCount "94"]
[EventDate "2009.08.31"]

1. e4 c5 2. c3 d5 3. exd5 Qxd5 4. d4 cxd4 5. cxd4 Nc6 6. Nf3 e5 7. Nc3 Bb4 8.
Bd2 Bxc3 9. Bxc3 e4 10. Ne5 Nxe5 11. dxe5 Ne7 12. Be2 O-O 13. O-O Bf5 14. Qb3
Qxb3 15. axb3 a6 16. Rfd1 Rfe8 17. b4 Ng6 18. b5 Nf4 19. Bc4 axb5 20. Bxb5 Rxa1
21. Rxa1 Rd8 22. h3 h5 23. Ra7 Rd1+ 24. Kh2 Nd3 25. Bxd3 exd3 26. Rxb7 Rc1 27.
h4 Kh7 28. Rb6 Rc2 29. Kg3 Be4 30. Rd6 Bf5 31. Rd4 Kg6 32. Rd6+ Kh7 33. e6 Bxe6
34. Rxd3 Rc1 35. b4 Rb1 36. Kf4 f6 37. Ke3 Kg6 38. Kd4 Bc8 39. Kc5 Bb7 40. b5
Kf5 41. g3 g5 42. Rd6 gxh4 43. Rxf6+ Kg5 44. Rf7 h3 45. Rxb7 h2 46. g4 h1=Q 47.
Rg7+ Kf4 0-1

[Event "VII Festival A"]
[Site "Amantea ITA"]
[Date "2009.09.07"]
[Round "9"]
[White "Rotelli, Pietro"]
[Black "Doleschal, Johannes"]
[Result "0-1"]
[WhiteElo "1974"]
[BlackElo "2014"]
[PlyCount "106"]
[EventDate "2009.08.31"]

1. d4 Nf6 2. c4 e6 3. Nf3 d5 4. e3 b6 5. cxd5 exd5 6. Nc3 c6 7. h3 Bd6 8. Bd3
O-O 9. O-O Re8 10. Qc2 Ba6 11. Bxa6 Nxa6 12. a3 h6 13. b4 Re7 14. Bb2 Nb8 15.
Rfe1 Qe8 16. Nd2 a5 17. b5 c5 18. Nf3 Nbd7 19. Qb3 c4 20. Qc2 Rc8 21. Re2 Re6
22. Rae1 Qf8 23. e4 dxe4 24. Nxe4 Nxe4 25. Rxe4 Rxe4 26. Qxe4 Bxa3 27. Bxa3
Qxa3 28. Qb7 Rd8 29. Qc7 Qf8 30. Qxc4 Qd6 31. Qc6 Nf6 32. Rd1 Nd5 33. Ne5 f6
34. Qxd6 Rxd6 35. Nc4 Re6 36. Kf1 Kf8 37. Re1 Ke7 38. g3 Kd7 39. f4 Rxe1+ 40.
Kxe1 Kc7 41. Kd2 f5 42. Ne5 Nf6 43. g4 fxg4 44. hxg4 Ne4+ 45. Kd3 Nd6 46. g5
hxg5 47. fxg5 Nxb5 48. g6 Nd6 49. Nf7 Kc6 50. Nd8+ Kd5 51. Nf7 b5 52. Ne5 Nf5
53. Nf3 b4 0-1

[Event "VII Festival A"]
[Site "Amantea ITA"]
[Date "2009.09.07"]
[Round "9"]
[White "Santagati, Alessandro"]
[Black "Bentivegna, Francesco"]
[Result "1/2-1/2"]
[WhiteElo "2147"]
[BlackElo "2324"]
[PlyCount "128"]
[EventDate "2009.08.31"]

1. d4 Nf6 2. c4 c5 3. d5 e5 4. Nc3 d6 5. e4 Nbd7 6. Bd3 Be7 7. Nge2 h5 8. Bg5
Nxd5 9. Bxe7 Nxc3 10. Nxc3 Qxe7 11. Nb5 Nf6 12. Bc2 O-O 13. Qxd6 Qxd6 14. Nxd6
Rd8 15. Rd1 Kf8 16. Ke2 Ke7 17. Nb5 Be6 18. b3 h4 19. Nc7 Rac8 20. Nd5+ Nxd5
21. exd5 Bg4+ 22. f3 Bd7 23. a4 Kd6 24. g4 Rh8 25. Ke3 Rcf8 26. Bf5 Be8 27.
Rhg1 b6 28. f4 exf4+ 29. Kxf4 g6 30. Bc2 Bd7 31. Rde1 Re8 32. h3 a6 33. Bd3 b5
34. axb5 axb5 35. cxb5 Rb8 36. Ra1 Rb6 37. Ra6 Rhb8 38. Rga1 f6 39. Bxg6 Bxb5
40. Ra7 Bd7 41. Bc2 Rb4+ 42. Kf3 R8b6 43. Ra8 c4 44. bxc4 Rxc4 45. Bd3 Rc3 46.
R1a3 Rxa3 47. Rxa3 Kxd5 48. Ra5+ Kd4 49. Be4 Be6 50. Kf4 Rb2 51. Ra4+ Bc4 52.
Kf5 Rf2+ 53. Kg6 Rh2 54. Bf5 Rxh3 55. g5 Rg3 56. Kxf6 h3 57. Be6 Rf3+ 58. Ke7
Rc3 59. Bxc4 Rxc4 60. Ra1 Ke5 61. Ra5+ Kf4 62. g6 Rc6 63. g7 Rc7+ 64. Kf6 Rc6+
1/2-1/2

[Event "VII Festival A"]
[Site "Amantea ITA"]
[Date "2009.09.07"]
[Round "9"]
[White "Schacher, Gerd"]
[Black "Mrdja, Milan"]
[Result "0-1"]
[WhiteElo "2318"]
[BlackElo "2418"]
[PlyCount "60"]
[EventDate "2009.08.31"]

1. Nf3 g6 2. c4 Bg7 3. Nc3 c5 4. g3 Nc6 5. Bg2 d6 6. O-O h5 7. e3 Nh6 8. a3 Nf5
9. h3 Rb8 10. Rb1 Qd7 11. b4 b6 12. b5 Na5 13. Qc2 Bxc3 14. dxc3 Qe6 15. e4 Ng7
16. Re1 Qxc4 17. Qd1 O-O 18. Bf1 Qe6 19. e5 Bb7 20. Bf4 Bxf3 21. Qxf3 d5 22. g4
Rbd8 23. Rbd1 d4 24. cxd4 Rxd4 25. Rxd4 cxd4 26. Bh6 hxg4 27. hxg4 Rd8 28. Bd3
Nb3 29. Qe2 Nc5 30. Bc4 d3 0-1

[Event "VII Festival A"]
[Site "Amantea ITA"]
[Date "2009.09.07"]
[Round "9"]
[White "Serratore, Vincenzo"]
[Black "Fox, Pierre"]
[Result "1-0"]
[WhiteElo "1912"]
[BlackElo "1796"]
[PlyCount "105"]
[EventDate "2009.08.31"]

1. d4 d5 2. Nf3 Nf6 3. e3 Bf5 4. Nbd2 e6 5. Ne5 Bd6 6. f4 c6 7. Ndf3 h6 8. Bd3
Ne4 9. Bxe4 dxe4 10. Ng1 Qh4+ 11. Kd2 Qf2+ 12. Qe2 Qxe2+ 13. Nxe2 b5 14. Ng3
Bh7 15. Ng4 Nd7 16. b3 c5 17. Bb2 Ke7 18. Nf2 Nf6 19. dxc5 Bxc5 20. Bxf6+ gxf6
21. Ngxe4 Rhd8+ 22. Ke2 Bb6 23. Rhd1 Rdc8 24. Rac1 f5 25. Ng3 Rc3 26. Rd3 Rac8
27. Rxc3 Rxc3 28. Nd1 Rc6 29. Nb2 e5 30. Nd3 f6 31. c4 bxc4 32. Rxc4 Re6 33.
Nf1 h5 34. b4 Bg8 35. Ng3 exf4 36. Nxf5+ Kd8 37. Rxf4 Bh7 38. Nd4 Rd6 39. Nc5
Ke7 40. Nf5+ Bxf5 41. Rxf5 Bxc5 42. Rxc5 Ra6 43. Ra5 Rxa5 44. bxa5 Ke6 45. h3
Kf5 46. Kf3 Kg5 47. g3 f5 48. e4 Kf6 49. exf5 Kxf5 50. a6 Kg5 51. Ke4 Kf6 52.
Kf4 Kg6 53. g4 1-0

[Event "VII Festival A"]
[Site "Amantea ITA"]
[Date "2009.09.07"]
[Round "9"]
[White "Valguarnera, Girolamo"]
[Black "Schiappoli, Dario"]
[Result "1-0"]
[WhiteElo "2151"]
[BlackElo "1982"]
[PlyCount "57"]
[EventDate "2009.08.31"]

1. e4 c5 2. Nf3 d6 3. d4 cxd4 4. Nxd4 Nf6 5. Nc3 a6 6. Bc4 e6 7. Bb3 Qc7 8. Qe2
Be7 9. Be3 Nc6 10. O-O-O Bd7 11. f4 Na5 12. Kb1 b5 13. f5 Nxb3 14. cxb3 Qb7 15.
fxe6 fxe6 16. Bg5 O-O 17. Rhe1 b4 18. Na4 g6 19. Bh6 Rf7 20. h3 Bf8 21. Bxf8
Raxf8 22. e5 dxe5 23. Nc5 Bb5 24. Qxe5 Qxg2 25. Ndxe6 Re8 26. Rd8 Qxh3 27.
Rxe8+ Nxe8 28. Nd4 Qc8 29. Nxb5 1-0

[Event "VII Festival B"]
[Site "Amantea ITA"]
[Date "2009.08.31"]
[Round "1"]
[White "Battaglia, Domenica"]
[Black "Luvera', Filippo"]
[Result "0-1"]
[WhiteElo "1512"]
[BlackElo "1835"]
[PlyCount "96"]
[EventDate "2009.08.31"]

1. e4 c5 2. d3 Nc6 3. Nf3 d6 4. b3 Nf6 5. Bb2 e6 6. Be2 Be7 7. O-O O-O 8. c4 a6
9. Nbd2 Rb8 10. Qc2 Nd7 11. Rab1 Nb4 12. Qd1 Nxa2 13. Qc2 Nb4 14. Qc3 Bf6 15.
d4 Nc6 16. Qe3 cxd4 17. Nxd4 Nxd4 18. Bxd4 Bxd4 19. Qxd4 Nf6 20. Bd3 Qc7 21.
Nf3 Bd7 22. e5 dxe5 23. Nxe5 Rbd8 24. Nxd7 Qxd7 25. Qxd7 Rxd7 26. Rbd1 Rfd8 27.
Be2 Rxd1 28. Rxd1 Rxd1+ 29. Bxd1 b6 30. f3 Kf8 31. Kf2 Ke7 32. Ke3 Kd6 33. f4
Kc5 34. h3 Nd7 35. g4 Kb4 36. h4 Nc5 37. Bc2 h6 38. g5 Nxb3 39. Bd3 a5 40. Ke4
Nc5+ 41. Kd4 Nxd3 42. Kxd3 a4 43. Kc2 Kxc4 44. Kb2 Kb4 45. Ka2 b5 46. gxh6 gxh6
47. h5 Kc4 48. Ka3 Kd4 0-1

[Event "VII Festival B"]
[Site "Amantea ITA"]
[Date "2009.08.31"]
[Round "1"]
[White "Caporale, Giuseppe Guido"]
[Black "Vacchiano, Salvatore"]
[Result "1-0"]
[WhiteElo "1824"]
[BlackElo "1539"]
[PlyCount "53"]
[EventDate "2009.08.31"]

1. Nf3 Nf6 2. c4 d6 3. Nc3 g6 4. d4 Bg7 5. e4 O-O 6. Be2 Nbd7 7. Bf4 c5 8. d5
a6 9. Qd2 Re8 10. h3 Nb6 11. O-O Nh5 12. Bh2 Rf8 13. g4 Nf6 14. Bf4 Re8 15.
Rfe1 Nfd7 16. Bf1 Ne5 17. Nxe5 Bxe5 18. Bxe5 dxe5 19. Rad1 Qd6 20. b3 f5 21.
exf5 gxf5 22. gxf5 Bxf5 23. Qg5+ Bg6 24. Qxe5 Rad8 25. Re3 Qf6 26. Rde1 Rf8 27.
Qxf6 1-0

[Event "VII Festival B"]
[Site "Amantea ITA"]
[Date "2009.08.31"]
[Round "1"]
[White "Ceravolo, Alberto"]
[Black "Tricomi, Massimo"]
[Result "0-1"]
[WhiteElo "1628"]
[BlackElo "1875"]
[PlyCount "54"]
[EventDate "2009.08.31"]

1. e4 Nf6 2. Nc3 d5 3. exd5 Nxd5 4. Nxd5 Qxd5 5. Qf3 Qxf3 6. Nxf3 Bg4 7. Be2
Nd7 8. O-O O-O-O 9. h3 Bxf3 10. Bxf3 e6 11. d3 Be7 12. Be3 Kb8 13. a4 Ne5 14.
a5 Nxf3+ 15. gxf3 Rd5 16. c4 Rxd3 17. a6 b6 18. Kg2 Rhd8 19. Rfe1 Bf6 20. Rab1
Rb3 21. c5 Rxb2 22. Rxb2 Bxb2 23. cxb6 cxb6 24. Bf4+ Kc8 25. Be5 Bxe5 26. Rxe5
Rd5 27. Rxd5 exd5 0-1

[Event "VII Festival B"]
[Site "Amantea ITA"]
[Date "2009.08.31"]
[Round "1"]
[White "Daniac, Federico"]
[Black "Rametta, Marcello"]
[Result "1/2-1/2"]
[WhiteElo "1596"]
[BlackElo "1846"]
[PlyCount "93"]
[EventDate "2009.08.31"]

1. e4 c5 2. Nf3 Nc6 3. d4 cxd4 4. Nxd4 Nxd4 5. Qxd4 a6 6. Nc3 e6 7. g3 b5 8. a3
Bb7 9. Bg2 Rc8 10. O-O Nf6 11. Be3 Bc5 12. Qd3 Bxe3 13. Qxe3 O-O 14. f4 d5 15.
Rad1 Re8 16. Rf2 Ng4 17. Qe2 Nxf2 18. Qxf2 Qf6 19. e5 Qg6 20. Rd2 Rc7 21. Bf1
Rec8 22. Bd3 f5 23. Ne2 Qh6 24. Qb6 g5 25. fxg5 Qxg5 26. Qxe6+ Kh8 27. Nf4 Re7
28. Qxf5 Qxf5 29. Bxf5 Rf8 30. Bd3 Rxe5 31. Kf2 d4 32. Re2 Rfe8 33. Rxe5 Rxe5
34. Ne2 Be4 35. Nxd4 Bxd3 36. cxd3 Kg7 37. b4 Kf6 38. Ne2 Kg5 39. Kf3 Rf5+ 40.
Nf4 h5 41. h4+ Kf6 42. d4 Ke7 43. Ke4 Kf6 44. Nd5+ Ke6 45. Nf4+ Kf6 46. Nd5+
Ke6 47. Nf4+ 1/2-1/2

[Event "VII Festival B"]
[Site "Amantea ITA"]
[Date "2009.08.31"]
[Round "1"]
[White "De Rasis, Giovanni"]
[Black "Zampaglione, Davide"]
[Result "1/2-1/2"]
[WhiteElo "1873"]
[BlackElo "1620"]
[PlyCount "45"]
[EventDate "2009.08.31"]

1. d4 Nf6 2. Nf3 d5 3. c4 e6 4. Bg5 h6 5. Bxf6 Qxf6 6. Nc3 c6 7. e3 Bb4 8. Qb3
Bxc3+ 9. Qxc3 O-O 10. Bd3 Nd7 11. O-O Re8 12. Rfe1 dxc4 13. Bxc4 e5 14. Bb3 e4
15. Nd2 Nb6 16. Bc2 Bf5 17. Rac1 Qg6 18. Nf1 Be6 19. f3 f5 20. f4 a5 21. a3 Nd5
22. Qd2 Kh8 23. Qf2 1/2-1/2